| 000 | 00401nam a2200145Ia 4500 | ||
|---|---|---|---|
| 008 | 191206s9999 xx 000 0 und d | ||
| 020 | _a256020795 | ||
| 090 | _aHD3022H45 | ||
| 245 | 0 | _aManagerial economics: analysis and cases | |
| 250 | _a4th ed. | ||
| 260 | _aBusiness Publications | ||
| 260 | _cc1978 | ||
| 300 | _a"xvi, 708 p. : ill. ; 24 cm." | ||
| 999 |
_c16427 _d16427 |
||